| 000 | 00742nam a2200169 a 4500 | ||
|---|---|---|---|
| 008 | 120416s1991 ||||||||||||||||| || u | ||
| 020 | _a0969530706 | ||
| 050 | _aDT 8753.H3 Ham | ||
| 100 | _aHamalengwa, Munyonzwe | ||
| 245 | 1 | 0 | _aThoughts are free |
| 246 | _aprison experience and reflections on law and politics in general | ||
| 260 |
_aToronto _bAfrica in Canada Press _c1991 |
||
| 300 | _aix, 390p. : ill. | ||
| 350 | _a0.00 | ||
| 995 |
_aMAIN LIBRARY OPEN ACCESS _D0.00 _e723140 _FCBU-MAIN LIBRARY (Kitwe) _H1 _I18.50 _jDT 8753.H3 Ham _M1 _UAVAILABLE _y001673 _ZMain Library Open Access Collection |
||
| 995 |
_aSPECIAL COLLECTIONS _D0.00 _e723023 _FCBU-MAIN LIBRARY (Kitwe) _H2 _I18.50 _jZAM DT 8753.H3 Ham _M2 _UAVAILABLE _y018616 _ZZambiana Collection |
||
| 999 |
_c81314 _d81314 |
||